[Event "OP-2011-0-01944"]
[Site "LSS email"]
[Date "2011.12.17"]
[Round "?"]
[White "Horse, Madera"]
[Black "Lauer, Fredric"]
[Result "1-0"]
[WhiteElo "1417"]
[BlackElo "1032"]
[PlyCount "29"]
[EventDate "2011.12.14"]
[EventType "tourn (corr)"]
[EventRounds "4"]
[EventCountry "GER"]
[SourceTitle "Corr 2015"]
[Source "ChessBase"]
[SourceDate "2015.07.17"]
[SourceVersion "1"]
[SourceVersionDate "2015.07.17"]
[SourceQuality "1"]

1. e4 c5 2. Nf3 g6 3. d4 cxd4 4. Nxd4 Nc6 5. Nxc6 dxc6 6. Qxd8+ Kxd8 7. Nc3 Bg7 8. Bd2 Kc7 9. Bc4 e6 10. 0-0-0 Ne7 11. Bf4+ e5 12. Be3 f5 13. Bc5 Bf6 14. Bd6+ Kb6 15. Na4+ 1-0

[Event "OP-2011-0-01944"]
[Site "LSS email"]
[Date "2011.12.17"]
[Round "?"]
[White "Jaszczowski, Zdzislaw"]
[Black "Horse, Madera"]
[Result "0-1"]
[WhiteElo "907"]
[BlackElo "1417"]
[PlyCount "78"]
[EventDate "2011.12.14"]
[EventType "tourn (corr)"]
[EventRounds "4"]
[EventCountry "GER"]
[SourceTitle "Telechess CBM 157"]
[Source "ChessBase"]
[SourceDate "2013.11.12"]
[SourceVersion "1"]
[SourceVersionDate "2013.11.12"]
[SourceQuality "1"]

1. d4 Nf6 2. Nf3 e6 3. Bg5 c5 4. e3 Be7 5. dxc5 Bxc5 6. Bb5 Qa5+ 7. Nc3 Nd5 8. Bd3 Nxc3 9. bxc3 Qxc3+ 10. Nd2 h6 11. Bh4 d5 12. 0-0 Nc6 13. Nb3 Bd6 14. Qf3 Ne5 15. Bb5+ Bd7 16. Bxd7+ Nxd7 17. Nd4 Be5 18. Rad1 Rc8 19. Rd3 Qc7 20. Qg4 0-0 21. f4 Bxd4 22. Rxd4 Qxc2 23. f5 exf5 24. Rxf5 Qc1+ 25. Rf1 Qxe3+ 26. Kh1 Ne5 27. Qd1 Rc1 28. Qxc1 Qxd4 29. h3 Qxh4 30. Qe3 Nc6 31. Rf4 Qg5 32. Qf3 Ne5 33. Qf1 Rc8 34. Rd4 Rc1 35. Rd1 Rxd1 36. Qxd1 Nc4 37. Qa4 Ne3 38. Qe8+ Kh7 39. Qxf7 Qxg2# 0-1

[Event "RE-2011-0-00081"]
[Site "LSS email"]
[Date "2011.12.17"]
[Round "?"]
[White "Kraujunas, Vladas"]
[Black "Horse, Madera"]
[Result "0-1"]
[WhiteElo "1384"]
[BlackElo "1278"]
[PlyCount "64"]
[EventDate "2011.10.21"]
[EventType "tourn (corr)"]
[EventRounds "6"]
[EventCountry "GER"]
[SourceTitle "Telechess CBM 155"]
[Source "ChessBase"]
[SourceDate "2013.07.16"]
[SourceVersion "1"]
[SourceVersionDate "2013.07.16"]
[SourceQuality "1"]

1. e4 c5 2. Nf3 Nc6 3. d4 cxd4 4. Nxd4 Nf6 5. Nc3 e6 6. Be3 Bb4 7. Nxc6 bxc6 8. Bd2 e5 9. a3 Be7 10. Qf3 Rb8 11. b4 d5 12. exd5 cxd5 13. Bb5+ Bd7 14. Bxd7+ Qxd7 15. 0-0 Rc8 16. Rad1 d4 17. Nb1 Rxc2 18. Qg3 0-0 19. Qxe5 Bd6 20. Qe2 d3 21. Qf3 Rd8 22. Bg5 Be5 23. Rfe1 Qd5 24. Qxd5 Rxd5 25. Bxf6 gxf6 26. Re3 f5 27. Kf1 Kf8 28. Rf3 Bg7 29. Rh3 h6 30. Ke1 Rb2 31. Kf1 a5 32. bxa5 Rdb5 0-1